| 000 | 00492nam a2200157 i 4500 | ||
|---|---|---|---|
| 001 | 109005 | ||
| 003 | ES-MaACL | ||
| 005 | 20230906184746.0 | ||
| 007 | t| | ||
| 008 | 061121s1905 fr r ||||1| fre d | ||
| 100 | 1 |
_aMiret y Sans, Joaquín. _981584 |
|
| 245 | 1 | 0 |
_aNégociations de Pierre IV d'Aragon avec la cour de France (1366-1367) / _cJoaquín Miret y Sans. |
| 260 |
_aParís : _b[s. n.], _c1905. |
||
| 500 | _aExtrait de la Revue Hispanique, nº 13. | ||
| 852 |
_aES-MaACL _jT-1158-F-5 |
||
| 999 |
_c109005 _d109005 |
||